000 00473ntaaa2200193 4500
003 01
005 20251027202924.0
008 0714s1973 ag 01
040 _aAR-BaBN
_bspa
_cAR-BaBN
_eaacr
_dRIC
082 _a922.0000 W97
100 _aWyeth, Walter N
245 _aAna H Judson
250 _a1 ed.
260 _aEl Paso :
_bCasa Bautista de Publicaciones,
_c1933
300 _a213 p
650 _abiografĂ­a
_91311
650 _aJudson, Anne H
_929742
942 _cBK
999 _c24461
_d24461